[Event "FRA-ch U18/20 Girls"]
[Site "Agen"]
[Date "2023.04.24"]
[Round "3"]
[White "Sumarriva Paulin, Laura"]
[Black "Estin Charbonnel, Lucie"]
[Result "1-0"]
[WhiteElo "1915"]
[BlackElo "1710"]
[PlyCount "59"]
[EventDate "2023.04.23"]
[EventType "swiss"]
[EventRounds "9"]
[EventCountry "FRA"]
[SourceTitle "CBM 214 Extra"]
[Source "ChessBase"]
[SourceDate "2023.07.31"]
[SourceVersion "1"]
[SourceVersionDate "2023.07.31"]
[SourceQuality "1"]

1. e4 d5 2. exd5 Nf6 3. d4 Bg4 4. Bb5+ Nbd7 5. Be2 Bxe2 6. Qxe2 Nxd5 7. c4 N5f6 8. Nc3 g6 9. Nf3 Bg7 10. 0-0 0-0 11. Bg5 Re8 12. Rad1 c6 13. Ne5 Qc7 14. f4 a6 15. f5 b5 16. Bf4 Qb7 17. Qf3 Nxe5 18. dxe5 Nh5 19. e6 fxe6 20. fxg6 hxg6 21. Qe4 Nxf4 22. Rxf4 e5 23. Rg4 Rf8 24. Qxg6 Qb6+ 25. Kh1 Rf7 26. Ne4 Raf8 27. Ng3 Qf2 28. h3 Qxb2 29. Nf5 e4 30. Nh6+ 1-0

[Event "FRA-ch U18/20 Girls"]
[Site "Agen"]
[Date "2023.04.23"]
[Round "1"]
[White "Sumarriva Paulin, Laura"]
[Black "Authier, Clea"]
[Result "1-0"]
[WhiteElo "1915"]
[BlackElo "1379"]
[PlyCount "53"]
[EventDate "2023.04.23"]
[EventType "swiss"]
[EventRounds "9"]
[EventCountry "FRA"]
[SourceTitle "CBM 214 Extra"]
[Source "ChessBase"]
[SourceDate "2023.07.31"]
[SourceVersion "1"]
[SourceVersionDate "2023.07.31"]
[SourceQuality "1"]

1. e4 c5 2. Nc3 Nc6 3. g3 g6 4. Bg2 Bg7 5. d3 e6 6. Nge2 Nge7 7. 0-0 0-0 8. Be3 b6 9. Qd2 d5 10. exd5 exd5 11. Bg5 Qd6 12. Nf4 f6 13. Nfxd5 Nxd5 14. Bxd5+ Be6 15. Bf4 Qd7 16. Bh1 Rad8 17. Bh6 Nd4 18. Bxg7 Kxg7 19. Ne2 Bh3 20. Rfe1 Ne6 21. Nf4 Ng5 22. Re3 Rfe8 23. Rae1 Rxe3 24. Qxe3 Kf8 25. Nd5 Be6 26. Nxf6 Qf7 27. Qxg5 1-0

[Event "Biel (Women)"]
[Site "Biel"]
[Date "2022.07.19"]
[Round "4"]
[White "Avilova, Yulia"]
[Black "Sumarriva Paulin, Laura"]
[Result "0-1"]
[WhiteElo "1646"]
[BlackElo "1913"]
[PlyCount "72"]
[EventDate "2022.07.14"]
[EventType "tourn"]
[EventRounds "7"]
[EventCountry "SUI"]
[SourceTitle "EXT 2024"]
[Source "ChessBase"]
[SourceDate "2023.10.10"]
[SourceVersion "1"]
[SourceVersionDate "2023.10.10"]
[SourceQuality "1"]

1. Nf3 d5 2. c4 e6 3. e3 Nf6 4. Nc3 c6 5. d4 Nbd7 6. Be2 Bd6 7. Bd2 0-0 8. c5 Bc7 9. b4 e5 10. 0-0 e4 11. Ne1 Re8 12. a4 Nf8 13. b5 h5 14. Bxh5 Nxh5 15. Qxh5 Re6 16. g3 Rh6 17. Qe2 Bh3 18. Ng2 Qd7 19. f4 Nh7 20. Nd1 Bg4 21. Qf2 Nf6 22. Nh4 Bd8 23. f5 Bc7 24. Nc3 Nh7 25. bxc6 bxc6 26. Rab1 Ng5 27. Kh1 Rxh4 28. Qg2 Rh6 29. h4 Bf3 30. Rxf3 Nxf3 31. Bc1 Qxf5 32. Qf1 Bxg3 33. Kg2 Rxh4 34. Kxg3 Qg4+ 35. Kf2 Rh2+ 36. Qg2 Qxg2# 0-1

[Event "Biel Blitz (Women)"]
[Site "Biel"]
[Date "2022.07.17"]
[Round "14"]
[White "Cornileau, Juliette"]
[Black "Sumarriva Paulin, Laura"]
[Result "0-1"]
[WhiteElo "1653"]
[BlackElo "1886"]
[PlyCount "32"]
[EventDate "2022.01.17"]
[EventType "tourn (blitz)"]
[EventRounds "14"]
[EventCountry "SUI"]
[SourceTitle "EXT 2024"]
[Source "ChessBase"]
[SourceDate "2023.10.10"]
[SourceVersion "1"]
[SourceVersionDate "2023.10.10"]
[SourceQuality "1"]

1. d4 d5 2. c4 dxc4 3. e4 e5 4. d5 Nf6 5. Nc3 Bb4 6. Qc2 c6 7. dxc6 Nxc6 8. Bxc4 0-0 9. a3 Ba5 10. Nge2 Nd4 11. Qd3 Nxe2 12. Qxe2 Qc7 13. 0-0 Be6 14. Bxe6 fxe6 15. Nb5 Qc6 16. Re1 Bxe1 0-1

[Event "Robecchetto op 33rd"]
[Site "Robecchetto"]
[Date "2021.12.26"]
[Round "1"]
[White "Sumarriva Paulin, Laura"]
[Black "Mrdja, Milan"]
[Result "0-1"]
[WhiteElo "1954"]
[BlackElo "2248"]
[PlyCount "112"]
[EventDate "2021.12.26"]
[EventType "swiss"]
[EventRounds "7"]
[EventCountry "ITA"]
[SourceTitle "EXT 2023"]
[Source "ChessBase"]
[SourceDate "2022.10.05"]
[SourceVersion "1"]
[SourceVersionDate "2022.10.05"]
[SourceQuality "1"]

1. d4 g6 2. c4 Bg7 3. Nc3 c5 4. e3 Nf6 5. Nf3 0-0 6. Be2 cxd4 7. exd4 d5 8. 0-0 Nc6 9. Re1 dxc4 10. Bxc4 Bg4 11. d5 Na5 12. Be2 Rc8 13. h3 Bxf3 14. Bxf3 Nc4 15. Qb3 Nd7 16. Qxb7 Nxb2 17. Bxb2 Rb8 18. Qxa7 Rxb2 19. Rac1 Nb6 20. Qxe7 Bd4 21. Qxd8 Bxf2+ 22. Kf1 Rxd8 23. Re2 Rxe2 24. Kxe2 Bg3 25. Rb1 Nc4 26. Ne4 Be5 27. Rb4 Na3 28. Rb7 h6 29. Nc5 Rc8 30. Nd3 Bd6 31. Rd7 Nc4 32. Ra7 Rb8 33. a4 Rb3 34. a5 Ra3 35. a6 Kg7 36. Ra8 Ra2+ 37. Kf1 Bg3 38. Rc8 Ne3+ 39. Kg1 Rxa6 40. Rc1 h5 41. Nc5 Ra3 42. Ne4 Bf4 43. Rc5 f5 44. Nc3 Be5 45. Ne2 h4 46. Kf2 g5 47. g3 hxg3+ 48. Nxg3 Bd4 49. Rc7+ Kf8 50. Ke2 Be5 51. Rc8+ Ke7 52. Nh5 Kf7 53. Rd8 Nc4 54. Rc8 Nd6 55. Rc1 Kg6 56. Rg1 Nb5 0-1

[Event "Online Olym Div Top-B"]
[Site "Chess.com INT"]
[Date "2021.09.09"]
[Round "6.1"]
[White "Sumarriva Paulin, Laura"]
[Black "Gaal, Zsoka"]
[Result "0-1"]
[WhiteElo "1974"]
[BlackElo "2276"]
[PlyCount "64"]
[EventDate "2021.09.08"]
[EventType "team (rapid)"]
[EventRounds "9"]
[EventCountry "USA"]
[SourceTitle "CBM 204 Extra"]
[Source "ChessBase"]
[SourceDate "2021.11.30"]
[SourceVersion "1"]
[SourceVersionDate "2021.11.30"]
[SourceQuality "1"]
[WhiteTeam "France"]
[BlackTeam "Hungary"]
[WhiteTeamCountry "FRA"]
[BlackTeamCountry "HUN"]

1. e4 c6 2. c4 d5 3. exd5 cxd5 4. cxd5 Nf6 5. Nc3 Nxd5 6. Nf3 Nc6 7. d4 g6 8. Bc4 Nxc3 9. bxc3 Bg7 10. 0-0 0-0 11. Bg5 Qc7 12. Re1 e6 13. Rc1 b6 14. Nd2 h6 15. Bh4 Bb7 16. Ne4 Na5 17. Bd3 f5 18. Bg3 Qc6 19. Qc2 fxe4 20. Bxe4 Qd7 21. Bxg6 Bd5 22. Qe2 Qc6 23. Qg4 Nc4 24. Bf4 Kh8 25. Bd3 Rf6 26. Be5 Nxe5 27. dxe5 h5 28. Qg5 Rh6 29. Re3 Rg8 30. Rh3 Bf8 31. Rxh5 Rxg5 32. Rxh6+ Bxh6 0-1

[Event "Cappelle Online Blitz op"]
[Site "Europe Echecs INT"]
[Date "2021.03.07"]
[Round "3"]
[White "Roussat, Fabien"]
[Black "Sumarriva Paulin, Laura"]
[Result "0-1"]
[WhiteElo "1681"]
[BlackElo "2006"]
[PlyCount "34"]
[EventDate "2021.03.07"]
[EventType "swiss (blitz)"]
[EventRounds "11"]
[EventCountry "FRA"]
[SourceTitle "CBM 201 Extra"]
[Source "ChessBase"]
[SourceDate "2021.05.31"]
[SourceVersion "1"]
[SourceVersionDate "2021.05.31"]
[SourceQuality "1"]

1. e4 e6 2. d4 d5 3. Nc3 Nf6 4. e5 Nfd7 5. Qh5 c5 6. Nf3 Nc6 7. Ng5 g6 8. Qf3 Qe7 9. Nb5 Nxd4 10. Nd6+ Kd8 11. Ngxf7+ Kc7 12. Qc3 Nxe5 13. Qxc5+ Ndc6 14. Bg5 Qd7 15. Bf6 Nxf7 16. Bxh8 Bxd6 17. Qc3 Bb4 0-1

[Event "Trophee Roza Lallemand Online"]
[Site "Tornelo INT"]
[Date "2020.12.13"]
[Round "5"]
[White "Malry, Celia"]
[Black "Sumarriva Paulin, Laura"]
[Result "0-1"]
[WhiteElo "1562"]
[BlackElo "2006"]
[PlyCount "74"]
[EventDate "2020.12.13"]
[EventType "swiss (rapid)"]
[EventRounds "9"]
[EventCountry "USA"]
[SourceTitle "EXT 2022"]
[Source "ChessBase"]
[SourceDate "2021.10.06"]
[SourceVersion "1"]
[SourceVersionDate "2021.10.06"]
[SourceQuality "1"]

1. c4 e6 2. Nc3 d5 3. e3 Nf6 4. d4 c5 5. Nf3 Nc6 6. Be2 dxc4 7. Bxc4 a6 8. 0-0 b5 9. Be2 Be7 10. dxc5 Qc7 11. a3 Bxc5 12. b4 Ba7 13. Bb2 0-0 14. Qc2 Bb7 15. Ng5 Ne5 16. Rac1 h6 17. Nh3 Rac8 18. Qb1 Neg4 19. g3 Qc6 20. e4 Qb6 21. Nd1 Bxe4 22. Qa1 Rxc1 23. Qxc1 Bb7 24. Qf4 Qc6 25. Bf3 Qxf3 26. Qxf3 Bxf3 27. Nc3 Rd8 28. Nf4 Rd2 29. Ba1 Bxf2+ 30. Rxf2 Nxf2 31. a4 bxa4 32. Nxa4 Nd3 33. Nxd3 Rxd3 34. Nc5 Rd1+ 35. Kf2 Rxa1 36. Kxf3 Nd5 37. Nd7 Nxb4 0-1

[Event "EU-ch Online U16 Girls"]
[Site "Tornelo INT"]
[Date "2020.09.20"]
[Round "9"]
[White "Sumarriva Paulin, Laura"]
[Black "Zeliantsova, Kseniya"]
[Result "0-1"]
[WhiteElo "1894"]
[BlackElo "1923"]
[PlyCount "102"]
[EventDate "2020.09.18"]
[EventType "swiss (rapid)"]
[EventRounds "9"]
[EventCountry "NET"]
[SourceTitle "EXT 2023"]
[Source "ChessBase"]
[SourceDate "2022.10.05"]
[SourceVersion "1"]
[SourceVersionDate "2022.10.05"]
[SourceQuality "1"]
[WhiteTeam "France"]
[BlackTeam "Belarus"]
[WhiteTeamCountry "FRA"]
[BlackTeamCountry "BLR"]

1. d4 Nf6 2. c4 g6 3. Nc3 Bg7 4. Nf3 d6 5. h3 0-0 6. Bg5 Nbd7 7. e3 e5 8. Be2 Re8 9. 0-0 c6 10. Qc2 Qe7 11. Bh4 Nf8 12. b4 h5 13. b5 e4 14. Nd2 Bf5 15. a4 N8h7 16. a5 g5 17. Bg3 c5 18. Nb3 h4 19. Bh2 g4 20. hxg4 Nxg4 21. Nd5 Qg5 22. Bf4 Qg6 23. Bxg4 Qxg4 24. Qd1 Qg6 25. Kh2 Rac8 26. Rc1 Ng5 27. dxc5 dxc5 28. Nd2 h3 29. g3 Bg4 30. Qc2 Nf3+ 31. Nxf3 Bxf3 32. b6 axb6 33. axb6 Qg4 34. Rfe1 Re6 35. Rb1 Kh8 36. Nc7 Rc6 37. Nd5 Ra8 38. Qd2 Ra3 39. Ne7 Rd3 40. Qa2 Rc8 41. Nxc8 Qxc8 42. Qa7 Qd7 43. Qb8+ Kh7 44. Qc7 Qg4 45. Qxf7 Rd7 46. Qe8 Rd2 47. Qb8 Rxf2+ 48. Kg1 Rg2+ 49. Kh1 Rxg3+ 50. Kh2 Rg2+ 51. Kh1 Rf2# 0-1

[Event "FRA-ch Blitz Online Qual"]
[Site "Europe Echecs INT"]
[Date "2020.05.16"]
[Round "6"]
[White "Mareau, Timothe"]
[Black "Sumarriva Paulin, Laura"]
[Result "0-1"]
[WhiteElo "1642"]
[BlackElo "2023"]
[PlyCount "32"]
[EventDate "2020.05.16"]
[EventType "swiss (blitz)"]
[EventRounds "15"]
[EventCountry "FRA"]
[SourceTitle "CBM 196 Extra"]
[Source "ChessBase"]
[SourceDate "2020.07.31"]
[SourceVersion "1"]
[SourceVersionDate "2020.07.31"]
[SourceQuality "1"]

1. e4 e6 2. d4 d5 3. Be3 dxe4 4. f3 exf3 5. Nxf3 Nf6 6. Bd3 Bd6 7. 0-0 0-0 8. Qe1 Nc6 9. Qh4 Be7 10. Ne5 Nb4 11. Be2 Nxc2 12. Bd3 Nxe3 13. Rxf6 g6 14. Bxg6 fxg6 15. Rxg6+ hxg6 16. Qh6 Rf1# 0-1

[Event "FRA-ch Blitz Online Qual"]
[Site "Europe Echecs INT"]
[Date "2020.05.16"]
[Round "11"]
[White "Sumarriva Paulin, Laura"]
[Black "Defromont, Benjamin"]
[Result "0-1"]
[WhiteElo "2023"]
[BlackElo "2236"]
[PlyCount "36"]
[EventDate "2020.05.16"]
[EventType "swiss (blitz)"]
[EventRounds "15"]
[EventCountry "FRA"]
[SourceTitle "CBM 196 Extra"]
[Source "ChessBase"]
[SourceDate "2020.07.31"]
[SourceVersion "1"]
[SourceVersionDate "2020.07.31"]
[SourceQuality "1"]

1. d4 Nf6 2. c4 e6 3. Nc3 Bb4 4. e3 b6 5. Nge2 c5 6. a3 Ba5 7. Qc2 Bb7 8. Nf4 Ne4 9. Be2 Nxc3 10. bxc3 g5 11. Nh5 Bxg2 12. Rg1 Bb7 13. e4 cxd4 14. Bxg5 Bxc3+ 15. Kd1 Qc7 16. Nf6+ Kf8 17. Rc1 h6 18. Bh4 Qxh2 0-1